<?xml version="1.0" encoding="UTF-8"?>
<marc:record xmlns:marc="http://www.loc.gov/MARC21/slim">
   <marc:leader>00000nam a2200000 a 4500</marc:leader>
   <marc:datafield ind1="0" ind2="0" tag="245">
      <marc:subfield code="a">The Saints</marc:subfield>
   </marc:datafield>
   <marc:datafield ind1="0" ind2="0" tag="245">
      <marc:subfield code="b">sie kannten kein Gesetz</marc:subfield>
   </marc:datafield>
   <marc:datafield ind1="1" ind2=" " tag="520">
      <marc:subfield code="a">Bob Muldoon (Casey Affleck) and Ruth Guthrie (Rooney Mara), an impassioned young outlaw couple, are finally apprehended after a shootout in the Texas hills. Although Ruth wounds local officer Sheriff Wheeler ( Ben Foster), Bob takes the blame and is sent to jail. Four years later, Bob escapes from prison and sets out to reunite with his beloved wife and the daughter he has never met, with dramatic and heart-breaking consequences. (Verlagstext)</marc:subfield>
   </marc:datafield>
   <marc:datafield ind1=" " ind2=" " tag="338">
      <marc:subfield code="a">Videodisk</marc:subfield>
   </marc:datafield>
   <marc:datafield ind1=" " ind2=" " tag="300">
      <marc:subfield code="a">1 DVD (92 Min.)</marc:subfield>
   </marc:datafield>
</marc:record>
